| 000 | 00322nam a22001337a 4500 | ||
|---|---|---|---|
| 999 |
_c15371 _d15371 |
||
| 020 | _a9788171302444 | ||
| 082 |
_a920.894 812 _bMAD/NE |
||
| 100 |
_aMadhavikkutty _93053 |
||
| 245 | _aNeermathalam Pootha Kaalam | ||
| 260 |
_aKottayam _bD.C Books _c2018 |
||
| 300 | _a263 | ||
| 650 |
_aMalayalam Fiction _93040 |
||
| 942 | _cBK | ||